Statistics for Svenska ministrar 2014-2018

Click here to take the quiz!

General Stats

  • This quiz has been taken 33 times
  • The average score is 8 of 23

Answer Stats

BefattningPartiNamn% Correct
StatsministerSStefan Löfven
100%
UtrikesministerSMargot Wallström
61%
UtbildningsministerMPGustav Fridolin
57%
FinansministerSMagdalena Andersson
57%
Minister för internationellt utvecklingsarbete och klimat samt vice statsministerMPIsabella Lövin
50%
FörsvarsministerSPeter Hultqvist
50%
Justitie- och inrikesministerSMorgan Johansson
43%
Kultur- och demokratiministerMPAlice Bah Kuhnke
39%
Finansmarknads- och konsumentminister, biträdande finansministerMPPer Bolund
36%
SocialministerSAnnika Strandhäll
29%
Bostads- och digitaliseringsministerMPPeter Eriksson
25%
LandsbygdsministerSSven-Erik Bucht
25%
Gymnasie- och kunskapslyftsministerSAnna Ekström
21%
EU- och handelsministerSAnn Linde
21%
CivilministerSArdalan Shekarabi
21%
Samordnings- och energiministerSIbrahim Baylan
18%
Närings- och innovationsministerSMikael Damberg
18%
InfrastrukturministerSTomas Eneroth
18%
Migrationsminister och biträdande justitieministerSHeléne Fritzon
14%
MiljöministerMPKarolina Skog
14%
Arbetsmarknads- och etableringsministerSYlva Johansson
14%
Barn-, äldre- och jämställdhetsministerSLena Hallengren (ersatte Åsa Regnér 8 mars 2018)
11%
Minister för högre utbildning och forskningSHelene Hellmark Knutsson
7%

Score Distribution

Percentile by Number Answered

Percent of People with Each Score

Your Score History

You have not taken this quiz